| 000 | 00608nam a2200181Ia 4500 | ||
|---|---|---|---|
| 003 | GCL | ||
| 008 | 140319s9999 xx 000 0 ara d | ||
| 040 |
_aGCL / _cGCL |
||
| 082 | 0 | 4 |
_a216.2 _bح س |
| 100 | 1 | _aحسن البنا | |
| 245 | 1 | 0 |
_aالسلام فى الاسلام / _cحسن البنا |
| 260 |
_a[S.N] : _bدار التوزيع والنشر الاسلامية |
||
| 300 | _a190 ص | ||
| 490 |
_aمن رسائل الامام الشهيد حسن البنا _v0 |
||
| 650 | 0 | 4 | _aالاسلام والاصلاح الدينى |
| 650 | 0 | 4 | _aالاسلام - مبادىء عامة |
| 942 |
_2ddc _cBK |
||
| 999 |
_c52666 _d52666 |
||